Statistics for UEFA Euro 1988 Results

Click here to take the quiz!

General Stats

  • This quiz has been taken 26 times
  • The average score is 7 of 8

Answer Stats

Answer % Correct
Soviet Union
100%
Netherlands
100%
West Germany
100%
England
96%
Italy
96%
Spain
96%
Denmark
74%
Ireland
61%

Score Distribution

Percentile by Number Answered

Percent of People with Each Score

Your Score History

You have not taken this quiz